000 00588nam a2200193 a 4500
001 24084
003 CO-ViMGA
008 141112s2004 ck r 000 u spa d
020 _a9587015118
040 _aCO-ViMGA
_bspa
_cCO-ViMGA
082 0 4 _a627.13 D817i
100 1 _aUniversidad Nacional de Colombia
_922763
245 1 0 _aIntroduccion a la hidraulica de canales /
_cUniversidad Nacional de Colombia
260 _aColombia :
_bUniversidad Nacional de Colombia
300 _a268p.
650 1 4 _aENERGIA HIDRAULICA
_935077
650 1 4 _aINGENIERIA HIDRAULICA
_95105
942 _2ddc
_cBK
999 _c32140
_d32140